[Event "IIFL Wealth  4th Mumbai Junior U-13"]
[Site "Mumbai"]
[Date "2019.01.07"]
[Round "9"]
[White "Roy Aanya"]
[Black "Amrit Raunak"]
[Result "1/2-1/2"]
[WhiteElo "1232"]
[BlackElo "1410"]
[Annotator "NA RC"]
[PlyCount "44"]
[EventDate "2018.12.30"]
[EventType "swiss"]
[EventCountry "IND"]
[SourceTitle "playchess.com"]
[Source "ChessBase"]
[SourceQuality "1"]
[TimeControl "40/5400+30:1800+30"]

1. e4 {[%emt 0:00:00]} e5 {[%emt 0:00:00]} 2. Nf3 {[%emt 0:00:00]} Nc6 {[%emt 0:00:00]} 3. Bb5 {[%emt 0:00:00]} a6 {[%emt 0:00:45]} 4. Ba4 {[%emt 0:00:00]} b5 {[%emt 0:00:05]} 5. Bb3 {[%emt 0:00:00]} Nf6 {[%emt 0:00:05]} 6. O-O {[%emt 0:00:01]} Be7 {[%emt 0:00:02]} 7. Re1 {[%emt 0:00:08]} O-O {[%emt 0:00:06]} 8. c3 {[%emt 0:00:19]} d6 {[%emt 0:00:33]} 9. h3 {[%emt 0:00:05]} Bb7 {[%emt 0:00:47]} 10. d3 {[%emt 0:00:11]} h6 {[%emt 0:00:08]} 11. Nbd2 {[%emt 0:01:32]} Kh8 {[%emt 0:00:21]} 12. Nf1 {[%emt 0:00:52]} Na5 {[%emt 0:01:47]} 13. Bc2 {[%emt 0:00:08]} c5 {[%emt 0:00:13]} 14. a3 {[%emt 0:00:05]} c4 {[%emt 0:01:42]} 15. d4 {[%emt 0:09:47] cxd3 [%clk 1:29:58] Qxd3 [%clk 1:21:56] Nc4 [%clk 1:29:05] b3 [%clk 1:21:02] Nb6 [%clk 1:29:31] Be3 [%clk 1:15:02] Nbd7 [%clk 1:29:15] Ng3 [%clk 1:11:38]} Qc7 {[%emt 0:02:02]} 16. Bd2 {[%emt 0:15:33] Nc5 [%clk 1:27:30] Qe2 [%clk 1:08:24] Ne6 [%clk 1:27:25]} b4 {[%emt 0:26:56] Bc8 [%clk 1:24:53] Nf5 [%clk 0:57:49] Nd8 [%clk 1:24:26] Nxe7 [%clk 0:56:52] Qxe7 [%clk 1:24:40] c4 [%clk 0:52:43] Bd7 [%clk 1:22:07] cxb5 [%clk 0:52:28] Bxb5 [%clk 1:22:29]} 17. Bd3 {[%emt 0:18:25] Qb7 [%clk 1:20:59] Bxb5 [%clk 0:49:06] Qxb5 [%clk 1:20:27] Qxb5 [%clk 0:49:14] axb5 [%clk 1:20:50] Nh4 [%clk 0:48:25] Nb7 [%clk 1:20:22] Nf5 [%clk 0:48:09]} h5 {[%emt 0:00:00] f3 [%clk 0:46:49] g6 [%clk 1:18:48]} 18. Ng3 {[%emt 0:05:00]} Rfc8 {[%emt 0:00:00] Rec1 [%clk 0:40:58] Kg7 [%clk 1:15:05] Rxc8 [%clk 0:39:58] Rxc8 [%clk 1:15:29]} 19. Rc1 {[%emt 0:07:07] Rxc1+ [%clk 1:14:13] Bxc1 [%clk 0:40:17]} d5 {[%emt 0:00:00]} 20. exd5 {[%emt 0:01:02]} Nxd5 {[%emt 0:00:00] Kf2 [%clk 0:39:55] f6 [%clk 1:13:54]} 21. Ne4 {[%emt 0:00:00] Kf7 [%clk 1:43:03] g4 [%clk 1:05:24] hxg4 [%clk 1:42:17] hxg4 [%clk 1:05:40] Ke6 [%clk 1:42:15] Ke2 [%clk 1:05:25]} Nb6 {[%emt 0:00:00] Kd3 [%clk 1:02:44] Nc4 [%clk 1:38:11]} 22. a4 {[%emt 0:00:00] Nbd6 [%clk 1:32:36] axb5 [%clk 1:02:38] Nb6 [%clk 1:29:10] Nxd6 [%clk 1:02:10] Kxd6 [%clk 1:29:16] Be3 [%clk 1:01:50]} Nd5 {[%emt 0:00:00] Bd2 [%clk 0:59:51] f5 [%clk 1:27:19] gxf5 [%clk 0:55:53] gxf5 [%clk 1:27:37] Kc4 [%clk 0:53:36] Nb6+ [%clk 1:27:44] Kd3 [%clk 0:54:03]} 1/2-1/2

[Event "IIFL Wealth  4th Mumbai Junior U-13"]
[Site "Mumbai"]
[Date "2019.01.07"]
[Round "9"]
[White "Marzouq, Chowdhury"]
[Black "Manavalan, Siddharth Krishna"]
[Result "1-0"]
[WhiteElo "1224"]
[BlackElo "1406"]
[Annotator "NA RC"]
[PlyCount "85"]
[EventDate "2018.12.30"]
[EventType "swiss"]
[EventCountry "IND"]
[SourceTitle "playchess.com"]
[Source "ChessBase"]
[SourceQuality "1"]
[TimeControl "40/5400+30:1800+30"]

1. e4 {[%emt 0:00:00]} c5 {[%emt 0:00:00]} 2. c3 {[%emt 0:00:00]} Nc6 {[%emt 0:00:11]} 3. d4 {[%emt 0:00:00]} e6 {[%emt 0:01:17]} 4. Nf3 {[%emt 0:00:30]} cxd4 {[%emt 0:01:30]} 5. cxd4 {[%emt 0:00:26]} Nf6 {[%emt 0:02:35]} 6. e5 {[%emt 0:01:50]} Nd5 {[%emt 0:00:56]} 7. Nc3 {[%emt 0:01:12]} Bb4 {[%emt 0:03:22]} 8. Bd2 {[%emt 0:00:53]} Nxc3 {[%emt 0:05:00]} 9. bxc3 {[%emt 0:00:25]} Be7 {[%emt 0:00:28]} 10. Bd3 {[%emt 0:01:04]} b6 {[%emt 0:00:44]} 11. Qc2 {[%emt 0:01:21]} Bb7 {[%emt 0:00:18]} 12. Bxh7 {[%emt 0:00:31]} g6 {[%emt 0:00:34]} 13. Bxg6 {[%emt 0:00:05]} fxg6 {[%emt 0:03:08]} 14. Qxg6+ {[%emt 0:00:09]} Kf8 {[%emt 0:00:01]} 15. Bh6+ {[%emt 0:00:30]} Rxh6 {[%emt 0:00:05]} 16. Qxh6+ {[%emt 0:00:17]} Ke8 {[%emt 0:00:02]} 17. h4 {[%emt 0:03:02]} Kf7 {[%emt 0:00:57]} 18. Ng5+ {[%emt 0:00:23]} Bxg5 {[%emt 0:00:21]} 19. hxg5 {[%emt 0:00:13]} Qg8 {[%emt 0:00:31]} 20. Qf6+ {[%emt 0:00:25]} Ke8 {[%emt 0:02:03]} 21. Rh8 {[%emt 0:00:58]} Ne7 {[%emt 0:02:19]} 22. Rxg8+ {[%emt 0:00:16]} Nxg8 {[%emt 0:00:09]} 23. Qg7 {[%emt 0:00:25]} Ne7 {[%emt 0:01:36]} 24. g6 {[%emt 0:00:10]} Nf5 {[%emt 0:20:10]} 25. Qf7+ {[%emt 0:00:56]} Kd8 {[%emt 0:01:25]} 26. g7 Nxg7 {[%emt 0:03:55]} 27. Qxg7 {[%emt 0:00:15]} Kc7 {[%emt 0:00:05]} 28. g4 {[%emt 0:00:15]} Be4 {[%emt 0:08:13]} 29. g5 {[%emt 0:00:09]} Re8 {[%emt 0:01:29]} 30. g6 {[%emt 0:00:07]} Kd8 {[%emt 0:00:52]} 31. Qf7 {[%emt 0:00:12]} Bf5 32. g7 Bh7 {[%emt 0:04:14]} 33. f4 {[%emt 0:00:43]} Bg8 {[%emt 0:00:34]} 34. Qf8 {[%emt 0:00:07]} Bh7 {[%emt 0:00:20]} 35. O-O-O {[%emt 0:00:46]} Bg8 {[%emt 0:00:43]} 36. Rh1 {[%emt 0:00:10]} a6 {[%emt 0:12:00]} 37. Rh8 {[%emt 0:01:42]} a5 {[%emt 0:06:05]} 38. Rxg8 {[%emt 0:00:08]} Kc7 {[%emt 0:16:20]} 39. Qd6+ {[%emt 0:00:05]} Kb7 {[%emt 0:04:15]} 40. Rxe8 {[%emt 0:00:38]} Ka6 {[%emt 0:01:13]} 41. Qxd7 {[%emt 0:00:00]} b5 {[%emt 0:00:00]} 42. Qc6+ {[%emt 0:00:00]} Ka7 {[%emt 0:00:00]} 43. Ra8# {[%emt 0:00:00]} 1-0

[Event "IIFL Wealth  4th Mumbai Junior U-13"]
[Site "Mumbai"]
[Date "2019.01.07"]
[Round "9"]
[White "Shah Viha"]
[Black "Virle Kimaya"]
[Result "0-1"]
[WhiteElo "1212"]
[BlackElo "1391"]
[Annotator "NA RC"]
[PlyCount "114"]
[EventDate "2018.12.30"]
[EventType "swiss"]
[EventCountry "IND"]
[SourceTitle "playchess.com"]
[Source "ChessBase"]
[SourceQuality "1"]
[TimeControl "40/5400+30:1800+30"]

1. e4 {[%emt 0:03:46]} c5 {[%emt 0:00:00]} 2. Nf3 {[%emt 0:00:57]} d6 {[%emt 0:00:00]} 3. d4 {[%emt 0:00:24]} cxd4 {[%emt 0:00:00]} 4. Nxd4 {[%emt 0:00:33]} Nf6 {[%emt 0:00:00]} 5. Nc3 {[%emt 0:00:28]} g6 {[%emt 0:00:01]} 6. f3 {[%emt 0:00:09]} Bg7 {[%emt 0:00:07]} 7. Be3 {[%emt 0:00:31]} O-O {[%emt 0:00:08]} 8. Qd2 {[%emt 0:00:11]} Nc6 {[%emt 0:00:06]} 9. O-O-O {[%emt 0:03:53]} Nxd4 {[%emt 0:00:22]} 10. Bxd4 {[%emt 0:00:56]} Be6 {[%emt 0:00:05]} 11. g4 {[%emt 0:01:36]} Qa5 {[%emt 0:00:10]} 12. g5 {[%emt 0:03:19]} Nh5 {[%emt 0:02:45]} 13. Bxg7 {[%emt 0:01:22]} Nxg7 {[%emt 0:00:20]} 14. a3 {[%emt 0:03:05]} Rfc8 {[%emt 0:00:59]} 15. Nd5 {[%emt 0:03:06]} Qxd2+ {[%emt 0:01:17]} 16. Rxd2 {[%emt 0:01:57]} Bxd5 {[%emt 0:00:14]} 17. Rxd5 {[%emt 0:00:11]} Nh5 {[%emt 0:00:36]} 18. Rb5 {[%emt 0:05:05]} Rc7 {[%emt 0:00:48]} 19. Rd5 {[%emt 0:04:16]} Nf4 {[%emt 0:01:16]} 20. Rd2 {[%emt 0:01:23]} Rac8 {[%emt 0:00:29]} 21. h4 {[%emt 0:01:53]} Rc5 {[%emt 0:00:55]} 22. Rg1 {[%emt 0:02:18]} R8c7 {[%emt 0:01:25]} 23. Rg4 {[%emt 0:04:05]} Ne6 {[%emt 0:01:24]} 24. Rgg2 {[%emt 0:03:12]} a6 {[%emt 0:01:11]} 25. Rge2 Nf4 {[%emt 0:02:06]} 26. Re3 {[%emt 0:02:29]} Kg7 {[%emt 0:02:00]} 27. Bd3 {[%emt 0:05:06]} h6 {[%emt 0:01:46]} 28. Bf1 {[%emt 0:00:56]} hxg5 {[%emt 0:00:36]} 29. hxg5 {[%emt 0:00:16]} Rxg5 {[%emt 0:00:08]} 30. Re1 {[%emt 0:01:26]} Rg1 {[%emt 0:01:42]} 31. Kd1 {[%emt 0:01:02]} Rc5 {[%emt 0:02:08]} 32. Rf2 {[%emt 0:02:49]} Kf6 {[%emt 0:03:00]} 33. Rh2 {[%emt 0:02:16]} Rh5 {[%emt 0:03:08]} 34. Rxh5 {[%emt 0:01:37]} gxh5 {[%emt 0:01:46]} 35. Bc4 {[%emt 0:06:06]} Rxe1+ {[%emt 0:01:09]} 36. Kxe1 {[%emt 0:01:44]} e6 {[%emt 0:00:07]} 37. Kf2 {[%emt 0:00:13]} Kg5 {[%emt 0:00:09]} 38. Kg3 {[%emt 0:03:39]} h4+ {[%emt 0:01:09]} 39. Kh2 {[%emt 0:01:05]} Ng6 {[%emt 0:00:28]} 40. Kh3 {[%emt 0:00:00]} Kf4 {[%emt 0:00:00]} 41. Kg2 {[%emt 0:02:48]} Ne5 {[%emt 0:01:03]} 42. Bd3 {[%emt 0:02:25]} Nxf3 {[%emt 0:01:22]} 43. Kh3 {[%emt 0:00:50]} Ne1 {[%emt 0:02:52]} 44. Kxh4 {[%emt 0:00:46]} Nxd3 {[%emt 0:00:02]} 45. cxd3 {[%emt 0:00:01]} Ke3 {[%emt 0:00:01]} 46. Kg5 {[%emt 0:00:06]} Kxd3 {[%emt 0:00:06]} 47. Kf4 {[%emt 0:00:17]} Kd4 {[%emt 0:00:14]} 48. Kf3 {[%emt 0:00:17]} d5 {[%emt 0:00:56]} 49. exd5 {[%emt 0:00:21]} Kxd5 {[%emt 0:00:04]} 50. Ke3 {[%emt 0:00:09]} Kc4 {[%emt 0:00:12]} 51. Kd2 {[%emt 0:00:23]} Kb3 {[%emt 0:00:07]} 52. Kc1 {[%emt 0:00:08]} f5 {[%emt 0:00:03]} 53. Kd2 {[%emt 0:00:22]} Kxb2 {[%emt 0:00:06]} 54. a4 {[%emt 0:00:10]} a5 {[%emt 0:00:07]} 55. Ke3 {[%emt 0:00:08]} Kb3 {[%emt 0:00:05]} 56. Kf4 {[%emt 0:00:07]} Kxa4 {[%emt 0:00:04]} 57. Ke3 {[%emt 0:00:11]} e5 {[%emt 0:00:06] Kd4} 0-1

[Event "IIFL Wealth  4th Mumbai Junior U-13"]
[Site "Mumbai"]
[Date "2019.01.07"]
[Round "9"]
[White "Suhaani Lohia"]
[Black "Dabhade Arnav"]
[Result "1/2-1/2"]
[WhiteElo "1200"]
[BlackElo "1064"]
[Annotator "NA RC"]
[PlyCount "53"]
[EventDate "2018.12.30"]
[EventType "swiss"]
[EventCountry "IND"]
[SourceTitle "playchess.com"]
[Source "ChessBase"]
[SourceQuality "1"]
[TimeControl "40/5400+30:1800+30"]

1. e4 {[%emt 0:09:37]} e5 {[%emt 0:00:00]} 2. Nf3 {[%emt 0:00:11]} Nc6 {[%emt 0:00:00]} 3. d4 {[%emt 0:00:32]} exd4 {[%emt 0:00:00]} 4. Bc4 {[%emt 0:00:10]} d6 {[%emt 0:00:00]} 5. O-O {[%emt 0:06:18]} Be7 {[%emt 0:02:56]} 6. Bb5 {[%emt 0:04:23]} Bd7 {[%emt 0:01:50]} 7. Bxc6 {[%emt 0:07:48]} Bxc6 {[%emt 0:00:08]} 8. Qxd4 {[%emt 0:05:49]} Nf6 {[%emt 0:00:33]} 9. Nc3 {[%emt 0:03:24]} O-O {[%emt 0:02:21]} 10. Re1 {[%emt 0:08:56]} Re8 {[%emt 0:04:43]} 11. Bg5 {[%emt 0:02:59]} h6 {[%emt 0:07:58]} 12. Bh4 {[%emt 0:04:29]} Qd7 {[%emt 0:07:47]} 13. Rad1 {[%emt 0:03:48]} a6 {[%emt 0:02:38]} 14. Bxf6 {[%emt 0:08:18]} Bxf6 {[%emt 0:00:18]} 15. e5 {[%emt 0:00:09]} Bxf3 {[%emt 0:05:24]} 16. gxf3 {[%emt 0:01:15]} Be7 {[%emt 0:05:00]} 17. exd6 {[%emt 0:02:21]} Bxd6 {[%emt 0:00:21]} 18. Qg4 {[%emt 0:00:16]} Rad8 {[%emt 0:07:54]} 19. Qxd7 {[%emt 0:01:16]} Rxe1+ {[%emt 0:00:12]} 20. Rxe1 {[%emt 0:00:56]} Rxd7 {[%emt 0:00:08]} 21. Re8+ {[%emt 0:03:12]} Kh7 {[%emt 0:00:09]} 22. Rc8 {[%emt 0:03:00]} Kg6 {[%emt 0:00:19]} 23. Re8 {[%emt 0:00:04]} Kh7 {[%emt 0:00:41]} 24. Rc8 {[%emt 0:00:05]} Kg6 {[%emt 0:00:06]} 25. Re8 {[%emt 0:00:10]} Kh7 {[%emt 0:00:17]} 26. Rc8 {[%emt 0:00:04]} Kg6 {[%emt 0:00:08]} 27. Re8 {[%emt 0:00:03]} 1/2-1/2

[Event "IIFL Wealth  4th Mumbai Junior U-13"]
[Site "Mumbai"]
[Date "2019.01.07"]
[Round "9"]
[White "Kadam Laksh"]
[Black "Borate Tanvi"]
[Result "1-0"]
[WhiteElo "1182"]
[BlackElo "1035"]
[Annotator "NA RC"]
[PlyCount "157"]
[EventDate "2018.12.30"]
[EventType "swiss"]
[EventCountry "IND"]
[SourceTitle "playchess.com"]
[Source "ChessBase"]
[SourceQuality "1"]
[TimeControl "40/5400+30:1800+30"]

1. e4 {[%emt 0:01:09]} e5 {[%emt 0:00:00]} 2. Nf3 {[%emt 0:00:59]} Nc6 {[%emt 0:00:00]} 3. Bc4 {[%emt 0:00:06]} Bc5 {[%emt 0:00:02]} 4. O-O {[%emt 0:01:10]} Nf6 {[%emt 0:00:06]} 5. d3 {[%emt 0:00:22]} h6 {[%emt 0:00:37]} 6. c3 {[%emt 0:00:12]} d6 {[%emt 0:00:09]} 7. Nbd2 {[%emt 0:01:34]} O-O {[%emt 0:00:29]} 8. Bb3 {[%emt 0:00:46]} Be6 {[%emt 0:02:07]} 9. Bc2 {[%emt 0:01:25]} Re8 {[%emt 0:01:07]} 10. Re1 {[%emt 0:00:54]} Ng4 {[%emt 0:05:22]} 11. Rf1 {[%emt 0:04:07]} f5 {[%emt 0:03:43]} 12. h3 {[%emt 0:03:21]} Nf6 {[%emt 0:00:30]} 13. Re1 {[%emt 0:00:25]} fxe4 {[%emt 0:04:34]} 14. Nxe4 {[%emt 0:04:32]} Nxe4 {[%emt 0:00:46]} 15. dxe4 {[%emt 0:00:23]} Rf8 {[%emt 0:01:00]} 16. Be3 {[%emt 0:01:07]} Bb6 {[%emt 0:00:21]} 17. Qd2 {[%emt 0:00:38]} Na5 {[%emt 0:04:47]} 18. b3 {[%emt 0:03:53]} Qf6 {[%emt 0:10:04]} 19. Nh2 {[%emt 0:11:47]} Nc6 {[%emt 0:05:05]} 20. Bd1 {[%emt 0:09:30]} Ne7 {[%emt 0:03:32]} 21. Bxb6 {[%emt 0:03:50]} axb6 {[%emt 0:01:20]} 22. c4 {[%emt 0:00:56]} Ng6 {[%emt 0:04:27]} 23. Nf3 {[%emt 0:04:02]} Nf4 {[%emt 0:01:58]} 24. Kh2 {[%emt 0:03:22]} Bd7 {[%emt 0:08:42]} 25. Qe3 {[%emt 0:04:58]} Qe6 {[%emt 0:01:20]} 26. Ng1 {[%emt 0:02:27]} Qg6 {[%emt 0:03:20]} 27. Bf3 {[%emt 0:02:40]} Rf7 {[%emt 0:02:43]} 28. Ne2 {[%emt 0:06:03]} Raf8 {[%emt 0:01:08]} 29. Nxf4 {[%emt 0:05:19]} Rxf4 {[%emt 0:00:38]} 30. Rh1 {[%emt 0:06:28]} Bc6 {[%emt 0:11:49]} 31. Rae1 {[%emt 0:02:52]} b5 {[%emt 0:02:50]} 32. Qe2 {[%emt 0:03:30]} bxc4 {[%emt 0:01:10]} 33. Qxc4+ {[%emt 0:00:27]} Kh8 {[%emt 0:00:13]} 34. Qe2 {[%emt 0:01:55]} Bd7 {[%emt 0:10:09]} 35. Qe3 {[%emt 0:02:17]} Ra8 {[%emt 0:01:30]} 36. Ra1 {[%emt 0:00:16]} Raf8 {[%emt 0:00:21]} 37. Rab1 {[%emt 0:01:23]} Bc6 {[%emt 0:02:59]} 38. Rhe1 {[%emt 0:00:13]} Ra8 {[%emt 0:01:17]} 39. Rb2 {[%emt 0:00:10]} Ra6 {[%emt 0:00:27]} 40. g3 {[%emt 0:00:00]} Rf8 {[%emt 0:00:00]} 41. Bg4 {[%emt 0:02:37]} Rfa8 {[%emt 0:01:54]} 42. Ree2 {[%emt 0:00:30]} Qf7 {[%emt 0:01:42]} 43. Bf5 {[%emt 0:01:31]} Bb5 {[%emt 0:01:58]} 44. Red2 {[%emt 0:00:38]} Bc6 {[%emt 0:01:05]} 45. h4 {[%emt 0:00:22]} Bd7 {[%emt 0:00:47]} 46. Bxd7 {[%emt 0:00:52]} Qxd7 {[%emt 0:00:11]} 47. Qf3 {[%emt 0:00:50]} Ra3 {[%emt 0:04:06]} 48. g4 {[%emt 0:02:17]} Qe7 {[%emt 0:01:33]} 49. Kg3 {[%emt 0:03:21]} Rf8 {[%emt 0:00:16]} 50. Qe2 {[%emt 0:02:17]} Rf4 {[%emt 0:00:24]} 51. f3 {[%emt 0:01:34]} Ra8 {[%emt 0:01:52]} 52. Qd3 {[%emt 0:01:45]} Ra5 {[%emt 0:00:41]} 53. Rbc2 {[%emt 0:00:24]} Rf8 {[%emt 0:00:23]} 54. a4 {[%emt 0:00:56]} Ra6 {[%emt 0:00:15]} 55. Rc3 {[%emt 0:00:19]} Qd7 {[%emt 0:00:40]} 56. Rdc2 {[%emt 0:00:36]} Rc8 {[%emt 0:00:27]} 57. Qb5 {[%emt 0:08:20]} Qxb5 {[%emt 0:02:10]} 58. axb5 {[%emt 0:00:06]} Rb6 {[%emt 0:00:07]} 59. Rxc7 {[%emt 0:00:02]} Rxc7 {[%emt 0:00:09]} 60. Rxc7 {[%emt 0:00:05]} Rxb5 {[%emt 0:00:04]} 61. Rc3 {[%emt 0:00:37]} Kg8 {[%emt 0:00:25]} 62. g5 {[%emt 0:01:56]} hxg5 {[%emt 0:04:03]} 63. hxg5 {[%emt 0:00:15]} Kh7 {[%emt 0:00:54]} 64. Kg4 {[%emt 0:01:07]} Kg6 {[%emt 0:00:15]} 65. Rd3 {[%emt 0:00:13]} Rb6 {[%emt 0:00:26]} 66. f4 {[%emt 0:00:30]} exf4 {[%emt 0:01:38]} 67. Kxf4 {[%emt 0:00:12]} Rc6 {[%emt 0:00:38]} 68. b4 {[%emt 0:00:42]} b5 {[%emt 0:04:29]} 69. Rd5 {[%emt 0:00:50]} Rb6 {[%emt 0:01:36]} 70. Kg4 {[%emt 0:00:38]} Kf7 {[%emt 0:00:34]} 71. Kh5 {[%emt 0:01:14]} Ke6 {[%emt 0:01:10]} 72. Kg6 {[%emt 0:00:25]} Rb7 {[%emt 0:00:06]} 73. Kh7 {[%emt 0:00:52]} Rc7 {[%emt 0:07:15]} 74. Rxb5 {[%emt 0:00:28]} Rc4 {[%emt 0:00:42]} 75. Kxg7 {[%emt 0:00:17]} Rxe4 {[%emt 0:00:16]} 76. g6 {[%emt 0:03:19]} Rg4 {[%emt 0:03:48]} 77. Kh7 {[%emt 0:01:39]} Kf6 {[%emt 0:00:12]} 78. Rb6 {[%emt 0:01:28]} Rxg6 {[%emt 0:00:28]} 79. Rxd6+ {[%emt 0:00:11]} 1-0

[Event "IIFL Wealth  4th Mumbai Junior U-13"]
[Site "Mumbai"]
[Date "2019.01.07"]
[Round "9"]
[White "Aarav Bhavin Mehta"]
[Black "Laddha, Yash Jayesh"]
[Result "0-1"]
[WhiteElo "1166"]
[BlackElo "1449"]
[Annotator "NA RC"]
[PlyCount "156"]
[EventDate "2018.12.30"]
[EventType "swiss"]
[EventCountry "IND"]
[SourceTitle "playchess.com"]
[Source "ChessBase"]
[SourceQuality "1"]
[TimeControl "40/5400+30:1800+30"]

1. d4 {[%emt 0:00:00]} Nf6 {[%emt 0:00:00]} 2. Nf3 {[%emt 0:00:00]} e6 {[%emt 0:00:00]} 3. e3 {[%emt 0:00:00]} d5 {[%emt 0:00:00]} 4. Bd3 {[%emt 0:00:08]} c5 {[%emt 0:00:05]} 5. b3 {[%emt 0:00:06]} Nc6 {[%emt 0:00:14]} 6. Bb2 {[%emt 0:00:07]} Be7 {[%emt 0:00:40]} 7. O-O {[%emt 0:00:07]} O-O {[%emt 0:00:04]} 8. a3 {[%emt 0:00:07]} b6 {[%emt 0:01:14]} 9. Ne5 {[%emt 0:00:35]} Bb7 {[%emt 0:00:30]} 10. Nd2 {[%emt 0:00:32]} Qc7 {[%emt 0:04:12]} 11. f4 {[%emt 0:00:58]} Nxe5 {[%emt 0:04:33]} 12. fxe5 {[%emt 0:00:54]} Ne4 {[%emt 0:00:13]} 13. Bxe4 {[%emt 0:02:02]} dxe4 {[%emt 0:00:39]} 14. Rc1 {[%emt 0:07:43]} Bg5 {[%emt 0:05:50]} 15. Re1 {[%emt 0:06:06]} cxd4 {[%emt 0:01:24]} 16. Bxd4 {[%emt 0:02:25]} Rad8 {[%emt 0:01:20]} 17. Nc4 {[%emt 0:08:02]} Be7 {[%emt 0:07:21]} 18. Qg4 {[%emt 0:00:06]} b5 {[%emt 0:00:03]} 19. Nd6 {[%emt 0:00:03]} g6 {[%emt 0:00:02]} 20. Nxb7 {[%emt 0:00:02]} Qxb7 {[%emt 0:00:02]} 21. Ra1 {[%emt 0:00:04]} Rc8 {[%emt 0:00:02]} 22. Rec1 {[%emt 0:00:01]} Bc5 {[%emt 0:00:06]} 23. c3 {[%emt 0:00:02]} Bxd4 24. exd4 Qd5 {[%emt 0:00:35]} 25. Qd1 {[%emt 0:00:33]} Rc7 {[%emt 0:00:02]} 26. Rab1 {[%emt 0:00:06]} Rfc8 {[%emt 0:00:03]} 27. Qd2 {[%emt 0:00:02]} Rd7 {[%emt 0:00:02]} 28. Qe3 {[%emt 0:00:02]} Rdc7 {[%emt 0:00:01]} 29. Qd2 {[%emt 0:00:01]} a5 {[%emt 0:00:02]} 30. a4 {[%emt 0:00:06]} bxa4 {[%emt 0:00:01]} 31. bxa4 {[%emt 0:00:01]} Qc4 {[%emt 0:00:02]} 32. Qd1 {[%emt 0:00:03]} Qd3 {[%emt 0:00:01]} 33. Qxd3 {[%emt 0:00:03]} exd3 {[%emt 0:00:01]} 34. Rb3 {[%emt 0:00:01]} d2 {[%emt 0:00:01]} 35. Rd1 {[%emt 0:00:01]} Rxc3 36. Rxc3 Rxc3 {[%emt 0:00:35]} 37. Rxd2 {[%emt 0:00:31]} Ra3 {[%emt 0:00:03]} 38. d5 {[%emt 0:00:02]} exd5 {[%emt 0:00:03]} 39. Rd4 {[%emt 0:00:00]} Kf8 {[%emt 0:00:02]} 40. Rh4 {[%emt 0:00:03]} h5 {[%emt 0:00:01]} 41. Rd4 {[%emt 0:30:02]} Ke7 {[%emt 0:30:02]} 42. Rxd5 {[%emt 0:00:00]} Rxa4 {[%emt 0:00:00]} 43. Kf2 {[%emt 0:00:00]} Ke6 {[%emt 0:00:00]} 44. Rb5 {[%emt 0:00:00]} Ra3 {[%emt 0:00:00]} 45. g3 {[%emt 0:00:00]} a4 {[%emt 0:00:00]} 46. Ra5 {[%emt 0:00:00]} Ra2+ {[%emt 0:00:00]} 47. Kg1 {[%emt 0:00:00]} a3 {[%emt 0:00:00]} 48. h4 {[%emt 0:00:00]} Ra1+ {[%emt 0:00:00]} 49. Kf2 {[%emt 0:00:00]} a2 {[%emt 0:00:00]} 50. Kg2 {[%emt 0:00:00]} Kf5 {[%emt 0:00:00]} 51. Kh2 {[%emt 0:00:00]} Ke4 {[%emt 0:00:00]} 52. Kg2 {[%emt 0:00:00]} Kd4 {[%emt 0:00:00]} 53. Kh2 {[%emt 0:00:00]} Kc4 {[%emt 0:00:00]} 54. Ra8 {[%emt 0:00:00]} Kc3 {[%emt 0:00:00]} 55. Rc8+ {[%emt 0:00:00]} Kd4 {[%emt 0:00:00]} 56. Rd8+ {[%emt 0:00:00]} Kxe5 {[%emt 0:00:00]} 57. Re8+ {[%emt 0:00:00]} Kd4 {[%emt 0:00:00]} 58. Rd8+ {[%emt 0:00:00]} Ke3 {[%emt 0:00:00]} 59. Re8+ {[%emt 0:00:00]} Kf3 {[%emt 0:00:00]} 60. Ra8 {[%emt 0:00:00]} Rf1 {[%emt 0:00:00]} 61. Ra3+ {[%emt 0:00:00]} Kg4 {[%emt 0:00:00]} 62. Ra4+ {[%emt 0:00:00]} Kf5 {[%emt 0:00:00]} 63. Rxa2 {[%emt 0:00:00]} Re1 {[%emt 0:00:00]} 64. Ra7 {[%emt 0:00:00]} f6 {[%emt 0:00:00]} 65. Ra4 {[%emt 0:00:00]} Re4 {[%emt 0:00:00]} 66. Ra5+ {[%emt 0:00:00]} Kg4 {[%emt 0:00:00]} 67. Ra2 {[%emt 0:00:00]} Kf3 {[%emt 0:00:00]} 68. Ra3+ {[%emt 0:00:00]} Kg4 {[%emt 0:00:00]} 69. Ra2 {[%emt 0:00:00]} g5 {[%emt 0:00:00]} 70. hxg5 {[%emt 0:00:00]} fxg5 {[%emt 0:00:00]} 71. Rf2 {[%emt 0:00:00]} Re3 {[%emt 0:00:00]} 72. Rg2 {[%emt 0:00:00]} Kf3 {[%emt 0:00:00]} 73. Rg1 {[%emt 0:00:00]} Re2+ {[%emt 0:00:00]} 74. Kh1 {[%emt 0:00:00]} Rf2 {[%emt 0:00:00]} 75. g4 {[%emt 0:00:00]} h4 {[%emt 0:00:00]} 76. Rg2 {[%emt 0:00:00]} Rf1+ {[%emt 0:00:00]} 77. Kh2 {[%emt 0:00:00]} Re1 {[%emt 0:00:00]} 78. Rd2 {[%emt 0:00:00]} Re2+ {[%emt 0:00:00]} 0-1